000 00203nam a2200073Ia 4500
008 170617s9999 xx 000 0 und d
100 _aToohelys
245 0 _aMedicine:Text book of Student in Health Care Programm
260 _bDELHI: AITBS
999 _c12723
_d12723